El electrónomo / (Record no. 158902)

MARC details
000 -LEADER
campo de control de longitud fija 00763nam a2200181 i 4500
001 - NÚMERO DE CONTROL
campo de control 158902
003 - IDENTIFICADOR DE NÚMERO DE CONTROL
campo de control ES-MaACL
005 - FECHA Y HORA DE LA ÚLTIMA TRANSACCIÓN
campo de control 20230906211352.0
008 - DATOS DE LONGITUD FIJA--INFORMACIÓN GENERAL
campo de control de longitud fija 020730s1895 sp a |||| | spa d
040 ## - FUENTE DE CATALOGACIÓN
Centro catalogador/agencia de origen CCPB | B
Lengua de catalogación spa
Centro/agencia transcriptor CCPB | B
100 0# - ENTRADA PRINCIPAL--NOMBRE DE PERSONA
Nombre de persona Martín Gil, Ramón.
9 (RLIN) 77508
245 13 - MENCIÓN DEL TÍTULO
Título El electrónomo /
Mención de responsabilidad, etc. R. Martín Gil.
260 ## - PUBLICACIÓN, DISTRIBUCIÓN, ETC.
Lugar de publicación, distribución, etc. Málaga :
Nombre del editor, distribuidor, etc. [s.n.],
Fecha de publicación, distribución, etc. 1895 (
Fabricante establecimiento tipográfico de Arturo Gilabert)
300 ## - DESCRIPCIÓN FÍSICA
Extensión 28 p., [1] h. de lám. :
Otras características físicas il. ;
Dimensiones 22 cm.
594 ## - Nota al título y mención de responsabilidad
Nota al título y mención de responsabilidad Precede al tít.: Publicado en la Gaceta Médica Catalana.
650 #4 - PUNTO DE ACCESO ADICIONAL DE MATERIA--TÉRMINO DE MATERIA
Término de materia o nombre geográfico como elemento de entrada Electroterapia.
9 (RLIN) 12170
852 ## - LOCALIZACIÓN
Ubicación ES-MaACL
Número de control de estantería T-851-F-1
Nota libre -- Enc. hol. conservando la cub. original
-- -- Enc. en un vol. facticio
Encuadernación -- Edic.: Precede al tit.: Publicado en la Gaceta Médica Catalana
Holdings
Estatus retirado Estado de pérdida Estado de daño No para préstamo Colección Biblioteca de origen Biblioteca actual Ubicación en estantería Fecha de adquisición Total de préstamos Signatura topográfica completa Código de barras Visto por última vez Precio de reemplazo Tipo de ítem Koha
        Colección de folletos Biblioteca del Ateneo de Madrid Biblioteca del Ateneo de Madrid Depósito folletos 17/01/2008   T-851-F-1 1166319 23/02/2023 23/02/2023 Folleto